Commemorations and the Holocaust
| Titel: | Commemorations and the Holocaust / Reuven Hammer |
|---|---|
| Verfasser: | |
| In: |
Lessons and legacies ; 2. Teaching the Holocaust in a changing world, (1998), Seite 175-191 alle Artikel anzeigen |
| Veröffentlicht: | 1998 |
| Format: | Aufsatz |
| Sprache: | Englisch |
X
alg: 42818888 001A $03025:09-04-18 001B $01999:09-04-18 $t23:30:45.000 001C $03025:09-04-18 $t14:57:49.000 001D $03025:09-04-18 001U $0utf8 001X $00 002@ $0Aou 002C $aText $btxt $2rdacontent 002D $aohne Hilfsmittel zu benutzen $bn $2rdamedia 002E $aBand $bnc $2rdacarrier 003@ $0428188885 007A $0428188885 $aHEB 010@ $aeng 010E $erda 011@ $a1998 021A $aCommemorations and the Holocaust $hReuven Hammer 028A $BVerfasser $4aut $7102406851X $8Hammer, Reuven$Z1933- [Tp3] $9305248243 031A $h175-191 $j1998 039B $aEnthalten in $8--Afy--. Lessons and legacies ; 2. Teaching the Holocaust in a changing world. - Evanston, Ill. : Northwestern Univ. Press, 1998. - XII, 233 S.. - ISBN 0-8101-1563-8 $x199800000000000825 $9059400447 044K $RJudenverfolgung $RNationalsozialistisches Verbrechen $RVernichtungslager $#Holocaust, Jewish (1939-1945) $#Shoah $#Holocausto judío (1939-1945) $#Endlösung $#Holocaust $#Holokaust $#Judenfrage Endlösung $#Schoah $#Shoah $#Shoʾah $#Shoa $#Drittes Reich Judenvernichtung $#Šô'ā $#Juden Vernichtung $74073091-8 $8Judenvernichtung [Ts1] $9085205818 044K $RPolitische Identität $RGeschichtsbild $RGeschichtsdenken $#Conscience historique $#Geschichtsbewusstsein $#Historisches Bewusstsein $#Geschichtsverständnis Geschichtsbewusstsein $#Geschichtskultur $74020526-5 $8Geschichtsbewusstsein [Ts1] $9085049387 044K $RPhilosemitismus $RJüdische Philosophie $RJüdische Ethik $RJuden $RReligion $#Judaism $#Judaïsme $#Jüdische Religion $#Judaismus $74114087-4 $8Judentum [Ts1] $9085339938 044K $RTag $RSonntag $#Holidays $#Jours fériés $#Feiertag $#Festtag $74153848-1 $8Feiertag [Ts1] $9085647438 045R $aGeschichte 1938-1992 lok: 42818888 78 exp: 42818888 78 1 #EPN 201B/01 $009-04-18 $t14:57:14.000 201C/01 $009-04-18 201U/01 $0utf8 203@/01 $01020914009 208@/01 $a09-04-18 $be 209A/01 $a/ $f000 $x00 209A/01 $ab*p $x01 220C/01 $apgar 247C/01 $82080>Marburg/Lahn, Herder-Institut, Forschungsbibliothek, Bibliographieportal $9336309341
| LEADER | 00000caa a2200000 c 4500 | ||
|---|---|---|---|
| 001 | 428188885 | ||
| 003 | DE-603 | ||
| 005 | 20180409233045.0 | ||
| 007 | tu | ||
| 008 | 180409s1998 xx |||| | u00||u|eng c | ||
| 035 | |a (DE-599)HEB428188885 | ||
| 040 | |a DE-603 |b ger |c DE-603 |d DE-603 |e rda | ||
| 041 | |a eng | ||
| 100 | 1 | |a Hammer, Reuven |d 1933- |e Verfasser |4 aut |0 (DE-603)305248243 |0 (DE-588)102406851X |2 gnd | |
| 245 | 0 | 0 | |a Commemorations and the Holocaust |c Reuven Hammer |
| 264 | 0 | |c 1998 | |
| 336 | |a Text |b txt |2 rdacontent | ||
| 337 | |a ohne Hilfsmittel zu benutzen |b n |2 rdamedia | ||
| 338 | |a Band |b nc |2 rdacarrier | ||
| 648 | 7 | |a Geschichte 1938-1992 |2 gnd | |
| 650 | 7 | |a Judenvernichtung |0 (DE-588)4073091-8 |0 (DE-603)085205818 |2 gnd | |
| 650 | 7 | |a Geschichtsbewusstsein |0 (DE-588)4020526-5 |0 (DE-603)085049387 |2 gnd | |
| 650 | 7 | |a Judentum |0 (DE-588)4114087-4 |0 (DE-603)085339938 |2 gnd | |
| 650 | 7 | |a Feiertag |0 (DE-588)4153848-1 |0 (DE-603)085647438 |2 gnd | |
| 773 | 0 | 8 | |i Enthalten in |t Lessons and legacies ; 2. Teaching the Holocaust in a changing world |d Evanston, Ill. : Northwestern Univ. Press, 1998 |h XII, 233 S. |z 0810115638 |z 081011562X |g (1998), Seite 175-191 |w (DE-603)059400447 |
| 924 | 0 | |9 2080 |a (DE-603)1020914009 |b DE-2080 |c HES |d d |g / | |


